100 Calculs en 10 Minutes - Statistiques

Statistiques générales
  • Ce quiz a été pris 3 055 fois
    3 013 depuis la dernière actualisation
  • Le résultat moyen est 93 sur 100
Statistiques - réponses
Équation Réponse % Correct
10+7 17
100%
1+1 2
99%
15-5 10
98%
29-14 15
98%
17+3 20
98%
15+5 20
98%
7-4 3
98%
8-5 3
98%
29+1 30
98%
37-3 34
98%
20+15 35
98%
34+4 38
98%
24+4 28
97%
10+30 40
97%
79+1 80
97%
16-6 10
96%
16-4 12
96%
14+5 19
96%
30+30 60
96%
35-17 18
95%
7-5 2
95%
10-8 2
95%
13+9 22
95%
23+7 30
95%
20+10 30
95%
40-10 30
95%
50-20 30
95%
46-5 41
95%
34+17 51
95%
3-3 0
94%
17+2 19
94%
10-7 3
94%
55-8 47
94%
73+17 90
94%
93+12 105
93%
17+7 24
93%
11-8 3
93%
29+14 43
93%
29+29 58
93%
13-13 0
92%
10-9 1
92%
16-6 10
92%
14+2 16
92%
11+8 19
92%
23-3 20
92%
11+11 22
92%
13+13 26
92%
23+3 26
92%
27-1 26
92%
44-15 29
92%
21+15 36
92%
35+12 47
92%
20-20 0
91%
69-68 1
91%
11-1 10
91%
71+30 101
91%
12-1 11
91%
105-93 12
91%
14-2 12
91%
58-41 17
91%
14+4 18
91%
14+5 19
91%
15+4 19
91%
12+7 19
91%
16-14 2
91%
5-3 2
91%
1+1 2
91%
25-5 20
91%
10+10 20
91%
39-15 24
91%
16+13 29
91%
1+2 3
91%
50-16 34
91%
28+20 48
91%
43+8 51
91%
46+9 55
91%
80-20 60
91%
67-6 61
91%
43+23 66
91%
28-20 8
91%
4+4 8
91%
90-10 80
91%
66-57 9
91%
10-1 9
91%
5+4 9
91%
58+41 99
91%
197-97 100
90%
29-16 13
90%
4-2 2
90%
29-9 20
90%
15+5 20
90%
17+4 21
90%
70-67 3
90%
19+15 34
90%
88-44 44
90%
77-33 44
90%
7-1 6
90%
55+15 70
90%
53+18 71
90%
91+87 178
89%
Aucun quiz correspondant
Distribution des résultats
% des personnes avec chaque résultat
Percentile par nombre de réponses
Votre historique - résultats
Vous n’avez pas pris ce quiz depuis la dernière actualisation